000 00832nam a2200217 i 4500
001 92327
003 ES-MaACL
005 20250901062533.0
007 t|
008 050225s1962 sp ||||1| spa d
100 1 _aLiégé, Pierre André.
_9144359
245 1 0 _aVivir como cristiano /
_cAndré Liégé; [versión española de Federico Revilla].
260 _aAndorra :
_bCasal i Vall,
_c[1962]
300 _a159 p. ;
_c19 cm.
490 1 _aYo Sé-Yo Creo ;
_v56. Quinta Parte: Presencia de la Salvación entre Nosotros
650 0 7 _aVida cristiana
_2embne
_917790
700 1 _aRevilla, Federico.
_996429
830 0 0 _aYo sé, yo creo: enciclopedia del católico del siglo XX
_v56. Quinta Parte: Presencia de la Salvación entre Nosotros
_9186579
852 _aES-MaACL
_jC-22082
_bR.50817
999 _c92327
_d92327